000 00227nam a2200097Ia 4500
008 240331s9999 xx 000 0 und d
082 _bMAU
100 _aMaunaguru, C
245 0 _aSankaram :
_bavaikattukaiyum thakkamum
942 _cL
999 _c3674
_d3674